PATRAKARITA KE NAYE AAYAM (Record no. 5290)

MARC details
000 -LEADER
fixed length control field 00370nam a22001577a 4500
005 - DATE AND TIME OF LATEST TRANSACTION
control field 20161022153256.0
008 - FIXED-LENGTH DATA ELEMENTS--GENERAL INFORMATION
fixed length control field 161022b xxu||||| |||| 00| 0 eng d
020 ## - INTERNATIONAL STANDARD BOOK NUMBER
ISBN 81-8031--098-1
041 ## - LANGUAGE CODE
Language code of text/sound track or separate title eng
100 ## - MAIN ENTRY--AUTHOR NAME
Personal name DUBEY,S.K
245 ## - TITLE STATEMENT
Title PATRAKARITA KE NAYE AAYAM
260 ## - PUBLICATION, DISTRIBUTION, ETC. (IMPRINT)
Name of publisher LOK BHARTI
300 ## - PHYSICAL DESCRIPTION
Number of Pages 115
650 ## - SUBJECT ADDED ENTRY--TOPICAL TERM
Topical Term MASS COM @ JOURNALISM
942 ## - ADDED ENTRY ELEMENTS (KOHA)
Koha item type Books
Holdings
Lost status Damaged status Home library Current library Shelving location Date acquired Source of acquisition Cost, normal purchase price Accession Number Koha item type
    JRU Library   SHELF-32-F 22/10/2016 Purchase 180.00 21390 Books